00514nam a2200193 a 4500001001300000003000900013005001700022008004100039020002300080082001500103100002700118245004000145260002500185300001000210500003500220505001700255650002100272700002700293nice12345678IN_TiNIC20260116014155.0130220s2007 dela grp 000 0 eng  a9788172149826c30000a220.5bSAV aSavarimuthu, Stanislas aCommunity in Search of Its Identity aDelhi bISPCK c2007 a310p  aincludes index and biblioraphy2 aBibliography aBiblical Studies1 aSavarimuthu, Stanislas